MARC

LEADER 00000nam0a2200000 4500
001 276110
005 20231101234905.0
035 |a (RuTPU)RU\TPU\book\299368 
090 |a 276110 
100 |a 20141119d1986 k y0rusy50 ca 
101 0 |a rus 
102 |a RU 
105 |a a z 001zy 
200 1 |a Плейстоценовые грызуны Севера Западной Сибири  |f Н. Г. Смирнов, В. Н. Большаков, А. В. Ьородин  |g Российская академия наук (РАН), Уральское отделение (УрО), Институт экологии растений и животных 
210 |a Москва  |c Наука  |d 1986 
215 |a 145 с.  |c ил. 
320 |a Библиогр.: с. 140-144. 
606 1 |a Млекопитающие ископаемые  |2 stltpush  |3 (RuTPU)RU\TPU\subj\44131  |9 63504 
610 1 |a грызуны 
610 1 |a Западная Сибирь 
610 1 |a морфология 
610 1 |a полевки 
610 1 |a фауна 
610 1 |a развитие 
610 1 |a четвертичный период 
675 |a 569  |v 4 
700 1 |a Смирнов  |b Н. Г.  |g Николай Георгиевич 
701 1 |a Большаков  |b В. Н.  |g Владимир Николаевич 
701 1 |a Ьородин  |b А. В.  |g Александр Васильевич 
712 0 2 |a Российская академия наук (РАН)  |b Уральское отделение (УрО)  |b Институт экологии растений и животных  |2 stltpush  |3 (RuTPU)RU\TPU\col\8525 
801 1 |a RU  |b 63413507  |c 20141119 
801 2 |a RU  |b 63413507  |c 20170130  |g RCR 
942 |c BK